Catálogo de la Biblioteca Horacio González - Universidad Nacional de General Sarmiento

Diccionario de realizadores (Registro nro. 48286)

Detalles MARC
000 -CABECERA
campo de control de longitud fija 01234nac a22003370a 4500
001 - NÚMERO DE CONTROL
campo de control PT18400
003 - IDENTIFICADOR DEL NÚMERO DE CONTROL
campo de control AR-LpoUNG
005 - FECHA Y HORA DE LA ÚLTIMA TRANSACCIÓN
campo de control 20210201005048.0
008 - DATOS DE LONGITUD FIJA--INFORMACIÓN GENERAL
campo de control de longitud fija 201001s1997||||ag |||||||||||||||||spa d
020 ## - NÚMERO INTERNACIONAL ESTÁNDAR DEL LIBRO
Número Internacional Estándar del Libro 9879578635
Condiciones de disponibilidad $8.7
040 ## - FUENTE DE LA CATALOGACIÓN
Centro catalogador/agencia de origen AR-LpoUNG
Lengua de catalogación spa
Normas de descripción aacr
041 ## - CÓDIGO DE LENGUA
Código de lengua del texto/banda sonora o título independiente spa
044 ## - CÓDIGO DEL PAÍS DE LA ENTIDAD EDITORA/PRODUCTORA
Código MARC del país ag
082 0# - NÚMERO DE LA CLASIFICACIÓN DECIMAL DEWEY
Número de clasificación R791.43 89v1
100 1# - ENTRADA PRINCIPAL--NOMBRE DE PERSONA
Nombre de persona Kriger, Clara
Término indicativo de función/relación comp.
245 10 - MENCIÓN DE TÍTULO
Título Diccionario de realizadores
250 ## - MENCIÓN DE EDICIÓN
Mención de edición 1§ edición
260 ## - PUBLICACIÓN, DISTRIBUCIÓN, ETC.
Lugar de publicación, distribución, etc. Buenos Aires :
Nombre del editor, distribuidor, etc. Del Jilguero,
Fecha de publicación, distribución, etc. 1997.
300 ## - DESCRIPCIÓN FÍSICA
Extensión 511 p. :
Otras características físicas il.
Especificación de materiales Impreso
490 0# - MENCIÓN DE SERIE
Mención de serie Cine Latinoamericano
520 ## - SUMARIO, ETC.
Sumario, etc. Contiene cerca de cuatrocientas biografías analíticas de los directores más importantes de Latinoamérica y de españoles y otros extranjeros que contribuyeron al crecimiento de este arte en la región, contempladas con excelentes filmografías actualizadas y útiles cronologías de cada país. Se suma un apartado sobre la evolución de la cinematografía en países de menor producción.
650 #4 - PUNTO DE ACCESO ADICIONAL DE MATERIA--TÉRMINO DE MATERIA
Término de materia o nombre geográfico como elemento de entrada ARTES
650 #4 - PUNTO DE ACCESO ADICIONAL DE MATERIA--TÉRMINO DE MATERIA
Término de materia o nombre geográfico como elemento de entrada CINE
650 #4 - PUNTO DE ACCESO ADICIONAL DE MATERIA--TÉRMINO DE MATERIA
Término de materia o nombre geográfico como elemento de entrada DICCIONARIOS
650 #4 - PUNTO DE ACCESO ADICIONAL DE MATERIA--TÉRMINO DE MATERIA
Término de materia o nombre geográfico como elemento de entrada MATERIAL DE REFERENCIA
650 #4 - PUNTO DE ACCESO ADICIONAL DE MATERIA--TÉRMINO DE MATERIA
Término de materia o nombre geográfico como elemento de entrada PELICULAS
653 ## - TÉRMINO DE INDIZACIÓN--NO CONTROLADO
Término no controlado INDUSTRIA CINEMATOGRAFICA
700 1# - PUNTO DE ACCESO ADICIONAL--NOMBRE DE PERSONA
Nombre de persona Portela, Alejandra
Término indicativo de función/relación comp.
905 ## - ELEMENTOS DE DATOS E LOCAL, LDE (RLIN)
a 18400
942 ## - ELEMENTOS DE PUNTO DE ACCESO ADICIONAL (KOHA)
Tipo de ítem Koha Lectura en Sala
Existencias
Estado de retiro Estado de pérdida Estado dañado No para préstamo Código de colección Localización permanente Ubicación/localización actual Fecha de adquisición Total de préstamos Signatura topográfica completa Código de barras Fecha visto por última vez Precio válido a partir de Tipo de ítem Koha
        Colección Referencia Biblioteca Universidad Nacional de General Sarmiento Biblioteca Universidad Nacional de General Sarmiento 01/02/2021   791.43 89v1 S00018999 01/02/2021 01/02/2021 Lectura en Sala